000 00431nam a2200169Ia 4500
008 230711s9999||||xx |||||||||||||| ||und||
020 _a978-81-204-1717-5
041 _aENG
082 _a624.2092
_bVI-B
100 _aVictor Johnson
245 0 _aEssentials of bridge engineering
250 _a6th
260 _c2007
_aNew Delhi
_bOxford & IBH Publishing Co.Pvt.Ltd.
300 _a584
650 _aCivil Engineering
942 _cBK
999 _c876
_d876